| 000 | 02408nam a2200421 i 4500 | ||
|---|---|---|---|
| 999 |
_c64060 _d64060 |
||
| 001 | a5230150 | ||
| 003 | SpMaBN | ||
| 005 | 20180622072550.0 | ||
| 008 | 120702s2012 sp | |||| 000 0 spa | ||
| 017 |
_aM 12686-2012 _bOficina Depósito Legal Madrid |
||
| 020 | _a9788499404493 | ||
| 040 |
_aSpMaBN _bspa _cCO-MdFUSB _erdc _dCO-MdFUSBC |
||
| 041 | _aspa | ||
| 080 | _a113/119 | ||
| 080 | _a124.5 | ||
| 080 | _a159.95 | ||
| 082 |
_223 _a113 _bC431 |
||
| 245 | 0 | 3 |
_aLa inteligencia en la naturaleza _b: del relojero ciego al ajuste fino del universo _c/ editado por Francisco Rodríguez Valls |
| 264 | 1 |
_aMadrid : _bBiblioteca Nueva, _c[2012] |
|
| 264 | 4 | _c©2012 | |
| 300 |
_a207 páginas : _c23 cm |
||
| 336 |
_atexto _2rdacontent _btxt |
||
| 337 |
_asin mediación _2rdadmedia _bn |
||
| 338 |
_2rdacarrier _avolumen _bnc |
||
| 490 | 0 | _aColección Fronteras | |
| 500 | _aContiene las ponencias del seminario permanente homónimo celebrado en la Universidad de Sevilla en el año 2007 | ||
| 504 | _aIncluye referencias bibliográficas | ||
| 505 | _aPresentación. Francisco Rodríguez Valls -- La metáfora del relojero ciego: virtudes y límites, Juan Arana. -- La inteligencia del diseño inteligente, santiago Collado. -- ¿Podemos ir más allá de Aristóteles en relación con la idea de inteligencia?, José Luis González Quiró? -- La emergencia de la reflexión. Sobre la idea romántica de naturaleza, Javier Hernández-Pacheco -- La relación de semejanza con principio de inteligibilidad de la naturaleza, Alfredo Marcos -- Inteligencia y naturaleza desde el emergentismo de Karl Popper, José María Molina -- El problema del soporte físico de la sensibilidad-conciencia, Javien Monserrat -- Evolución, naturaleza e inteligencia: ¿Para qué sirve una emoción?, Francisco Rodríguez Valls -- El multiverso y el ajuste fino de las leyes de la naturaleza. Francisco José Soler Gil -- ¿Deus sive Natura? Sobre los máximos sistemas metafísicos en la genealogía óntica del problema mente-cerebro, Pedro Jesús Teruel. -- Es la moral una propiedad natural de la | ||
| 563 | _aRústico | ||
| 650 | 7 |
_aFilosofía de la naturaleza _2embne |
|
| 650 | 7 |
_aDiseño inteligente (Teleología) _2embne |
|
| 650 | 7 |
_aInteligencia _2embne |
|
| 700 | 1 |
_aRodríguez Valls, Francisco _d1962- _eeditor |
|
| 942 | _cBK | ||
| 956 | _a2 | ||